Tribunales Colegiados de Circuito : jurisprudencia 1969-1990 /

Na minha lista:
Detalhes bibliográficos
Autor Corporativo: México. Poder Judicial de la Federación
Formato: Livro
Idioma:espanhol
Assuntos:
Tags: Adicionar Tag
Sem tags, seja o primeiro a adicionar uma tag!

MARC

LEADER 00000nam^a2200000^a^4500
001 000134453
005 20250521000000.0
009 20260310095208.091
037 |a Acervo ITESO - Biblioteca 
041 |a ESP 
082 |a 347. 7202  |b MEX 
110 |a México.  |b Poder Judicial de la Federación 
245 1 0 |a Tribunales Colegiados de Circuito :  |b jurisprudencia 1969-1990 /  |c Poder Judicial de la Federación. 
264 |a México :  |b Gustavo E. González Erosa,  |c 1992 
300 |a 3 v. 
336 |a texto  |b txt  |2 rdacontenido 
337 |a sin mediación  |b n  |2 rdamedio 
338 |a volumen  |b nc  |2 rdasoporte 
649 |a XX 
650 |a Tribunales -  |z México 
650 |a Suprema Corte de Justicia de la Nación -  |z México 
650 |a Justicia -  |x Administración -  |z México 
650 |a Poder Judicial -  |z México 
650 |a Jurisprudencia -  |z México 
650 |a Derecho -  |z México 
910 |a Fondo General 
920 |a Impresos - Libros 
930 |a Colección General 
905 |a 101 
901 |a 0352250100  |b IT1  |c ACC  |u 20250521 
901 |a 0352240100  |b IT1  |c ACC  |u 20250521 
901 |a 0352230100  |b IT1  |c ACC  |u 20250521 
902 |a https://opac.biblio.iteso.mx/vufind/Record/000134453